{"text_format":"3","workbook":"xlsx","n_sheets":1,"sheets":["t511"],"read":"whole","date_system":"1900"}

{"sheet":"t511","index":0,"n_rows":159,"n_cols":7,"rows_kept":159,"merged":[[0,0,0,6],[28,0,28,5],[39,0,39,5],[143,0,143,5]]}
["TABELA 511.1 - Estatísticas Agrícolas, Município de Santa Cruz da Esperança, Estado de São Paulo, 2016/17."]
["ITEM","UNIDADE","N.DE UPAs","MÍNIMO","MÉDIO","MÁXIMO","TOTAL"]
["Distância à sede do município","km",183,0.1,{"v":4.24,"d":"4.2"},{"v":30,"d":"30.0"},"-"]
["Área total","hectare",183,1.5,{"v":72.48,"d":"72.5"},{"v":2602.8,"d":"2,602.8"},{"v":13264.18,"d":"13,264.2"}]
["Área com cultura perene","hectare",3,{"v":1,"d":"1.0"},{"v":49.13,"d":"49.1"},{"v":144,"d":"144.0"},147.4]
["Área com cultura temporária","hectare",130,0.3,{"v":56.29,"d":"56.3"},{"v":1750,"d":"1,750.0"},{"v":7318,"d":"7,318.0"}]
["Área com pastagem","hectare",123,0.3,{"v":16.86,"d":"16.9"},408.3,{"v":2073.3,"d":"2,073.3"}]
["Área com reflorestamento","hectare",13,0.1,{"v":3.99,"d":"4.0"},{"v":25,"d":"25.0"},51.9]
["Área com vegetação natural","hectare",139,0.1,{"v":24.22,"d":"24.2"},872.8,{"v":3366.9,"d":"3,366.9"}]
["Área com vegetação de brejo e várzea","hectare",3,0.5,3.1,8.3,9.3]
["Área em descanso","hectare",5,{"v":1,"d":"1.0"},7.7,{"v":18,"d":"18.0"},38.5]
["Área complementar","hectare",154,0.2,{"v":1.68,"d":"1.7"},48.3,{"v":258.88,"d":"258.9"}]
["Área das UPAs com (0, 1] ha","hectare","-","-","-","-","-"]
["Área das UPAs com (1, 2] ha","hectare",1,1.5,1.5,1.5,1.5]
["Área das UPAs com (2, 5] ha","hectare",30,2.4,{"v":3.88,"d":"3.9"},{"v":5,"d":"5.0"},116.5]
["Área das UPAs com (5, 10] ha","hectare",41,5.2,{"v":7.57,"d":"7.6"},9.8,310.5]
["Área das UPAs com (10, 20] ha","hectare",39,10.3,{"v":15.13,"d":"15.1"},19.4,590.1]
["Área das UPAs com (20, 50] ha","hectare",40,20.2,{"v":31.57,"d":"31.6"},49.6,{"v":1262.9,"d":"1,262.9"}]
["Área das UPAs com (50, 100] ha","hectare",13,50.6,{"v":73.08,"d":"73.1"},92.6,{"v":949.98,"d":"950.0"}]
["Área das UPAs com (100, 200] ha","hectare",6,106.9,{"v":141.98,"d":"142.0"},{"v":194,"d":"194.0"},851.9]
["Área das UPAs com (200, 500] ha","hectare",8,204.4,{"v":317.34,"d":"317.3"},{"v":484,"d":"484.0"},{"v":2538.7,"d":"2,538.7"}]
["Área das UPAs com (500, 1.000] ha","hectare",3,518.3,571.1,629.2,{"v":1713.3,"d":"1,713.3"}]
["Área das UPAs com (1.000, 2.000] ha","hectare","-","-","-","-","-"]
["Área das UPAs com (2.000, 5.000] ha","hectare",2,{"v":2326,"d":"2,326.0"},{"v":2464.4,"d":"2,464.4"},{"v":2602.8,"d":"2,602.8"},{"v":4928.8,"d":"4,928.8"}]
["Área das UPAs com (5.000, 10.000] ha","hectare","-","-","-","-","-"]
["Área das UPAs acima de 10.000 ha","hectare","-","-","-","-","-"]
["Fonte: Secretaria de Agricultura e Abastecimento, CDRS/IEA, Projeto LUPA."]
[]
["TABELA 511.2 - Explorações Animais, Município de Santa Cruz da Esperança, Estado de São Paulo, 2016/17."]
["ITEM","UNIDADE","N.DE UPAs","MÍNIMO","MÉDIO","MÁXIMO","TOTAL"]
["Bovinocultura de corte","cabecas",17,{"v":5,"d":"5.0"},{"v":41.88,"d":"41.9"},{"v":227,"d":"227.0"},{"v":712,"d":"712.0"}]
["Bovinocultura leiteira","cabecas",2,{"v":30,"d":"30.0"},{"v":40,"d":"40.0"},{"v":50,"d":"50.0"},{"v":80,"d":"80.0"}]
["Bovinocultura mista","cabecas",43,{"v":1,"d":"1.0"},{"v":13.98,"d":"14.0"},{"v":50,"d":"50.0"},{"v":601,"d":"601.0"}]
["Equinocultura","cabecas",21,{"v":1,"d":"1.0"},{"v":2.57,"d":"2.6"},{"v":11,"d":"11.0"},{"v":54,"d":"54.0"}]
["Ovinocultura","cabecas",1,{"v":40,"d":"40.0"},{"v":40,"d":"40.0"},{"v":40,"d":"40.0"},{"v":40,"d":"40.0"}]
["Piscicultura","m2 tanques",1,{"v":30000,"d":"30,000.0"},{"v":30000,"d":"30,000.0"},{"v":30000,"d":"30,000.0"},{"v":30000,"d":"30,000.0"}]
["Suinocultura","cabecas",1,{"v":15,"d":"15.0"},{"v":15,"d":"15.0"},{"v":15,"d":"15.0"},{"v":15,"d":"15.0"}]
["Fonte: Secretaria de Agricultura e Abastecimento, CDRS/IEA, Projeto LUPA."]
[]
["TABELA 511.3 -  Máquinas, Implementos e Benfeitorias, Município de Santa Cruz da Esperança, Estado de São Paulo, 2016/17."]
["ITEM","UNIDADE","N.DE UPAs","MÍNIMO","MÉDIO","MÁXIMO","TOTAL"]
["Arado comum (bacia, aiveca)","unidade",20,{"v":1,"d":"1.0"},1.1,{"v":2,"d":"2.0"},{"v":22,"d":"22.0"}]
["Arado subsolador","unidade",3,{"v":1,"d":"1.0"},{"v":1,"d":"1.0"},{"v":1,"d":"1.0"},{"v":3,"d":"3.0"}]
["Carregadeira de cana","unidade",3,{"v":1,"d":"1.0"},{"v":1.33,"d":"1.3"},{"v":2,"d":"2.0"},{"v":4,"d":"4.0"}]
["Carreta de trator","unidade",3,{"v":1,"d":"1.0"},{"v":1,"d":"1.0"},{"v":1,"d":"1.0"},{"v":3,"d":"3.0"}]
["Colhedeira automotriz","unidade",2,{"v":1,"d":"1.0"},1.5,{"v":2,"d":"2.0"},{"v":3,"d":"3.0"}]
["Computador","unidade",1,{"v":1,"d":"1.0"},{"v":1,"d":"1.0"},{"v":1,"d":"1.0"},{"v":1,"d":"1.0"}]
["Conj.irrigacao convencional","unidade",1,{"v":1,"d":"1.0"},{"v":1,"d":"1.0"},{"v":1,"d":"1.0"},{"v":1,"d":"1.0"}]
["Conjunto de fenacao","unidade",1,{"v":1,"d":"1.0"},{"v":1,"d":"1.0"},{"v":1,"d":"1.0"},{"v":1,"d":"1.0"}]
["Desintegrador, picador, triturador","unidade",76,{"v":1,"d":"1.0"},{"v":1.03,"d":"1.0"},{"v":2,"d":"2.0"},{"v":78,"d":"78.0"}]
["Distribuidor de calcario","unidade",9,{"v":1,"d":"1.0"},{"v":1.11,"d":"1.1"},{"v":2,"d":"2.0"},{"v":10,"d":"10.0"}]
["Ensiladeira","unidade",2,{"v":1,"d":"1.0"},{"v":1,"d":"1.0"},{"v":1,"d":"1.0"},{"v":2,"d":"2.0"}]
["Grade aradora (tipo romi)","unidade",16,{"v":1,"d":"1.0"},{"v":1.19,"d":"1.2"},{"v":3,"d":"3.0"},{"v":19,"d":"19.0"}]
["Grade niveladora","unidade",20,{"v":1,"d":"1.0"},{"v":1,"d":"1.0"},{"v":1,"d":"1.0"},{"v":20,"d":"20.0"}]
["Implementos para tracao animal","unidade",2,{"v":1,"d":"1.0"},{"v":1,"d":"1.0"},{"v":1,"d":"1.0"},{"v":2,"d":"2.0"}]
["Máquina de classificar frutas","unidade",1,{"v":1,"d":"1.0"},{"v":1,"d":"1.0"},{"v":1,"d":"1.0"},{"v":1,"d":"1.0"}]
["Misturador de racao","unidade",2,{"v":1,"d":"1.0"},{"v":1,"d":"1.0"},{"v":1,"d":"1.0"},{"v":2,"d":"2.0"}]
["Mmicrotrator","unidade",2,{"v":1,"d":"1.0"},{"v":1,"d":"1.0"},{"v":1,"d":"1.0"},{"v":2,"d":"2.0"}]
["Ordenhadeira mecanica","unidade",4,{"v":1,"d":"1.0"},{"v":1.25,"d":"1.3"},{"v":2,"d":"2.0"},{"v":5,"d":"5.0"}]
["Pulverizador tratorizado","unidade",7,{"v":1,"d":"1.0"},{"v":1.29,"d":"1.3"},{"v":2,"d":"2.0"},{"v":9,"d":"9.0"}]
["Resfriador de leite, tanque expansao","unidade",5,{"v":1,"d":"1.0"},{"v":1,"d":"1.0"},{"v":1,"d":"1.0"},{"v":5,"d":"5.0"}]
["Roçadeira tratorizada","unidade",1,{"v":3,"d":"3.0"},{"v":3,"d":"3.0"},{"v":3,"d":"3.0"},{"v":3,"d":"3.0"}]
["Roçadora","unidade",1,{"v":1,"d":"1.0"},{"v":1,"d":"1.0"},{"v":1,"d":"1.0"},{"v":1,"d":"1.0"}]
["Semeadeira/adubadeira para plantio convencional","unidade",4,{"v":1,"d":"1.0"},{"v":1,"d":"1.0"},{"v":1,"d":"1.0"},{"v":4,"d":"4.0"}]
["Semeadeira/plantadeira plantio direto","unidade",1,{"v":2,"d":"2.0"},{"v":2,"d":"2.0"},{"v":2,"d":"2.0"},{"v":2,"d":"2.0"}]
["Terraceador","unidade",1,{"v":1,"d":"1.0"},{"v":1,"d":"1.0"},{"v":1,"d":"1.0"},{"v":1,"d":"1.0"}]
["Trator de esteiras","unidade",1,{"v":1,"d":"1.0"},{"v":1,"d":"1.0"},{"v":1,"d":"1.0"},{"v":1,"d":"1.0"}]
["Trator de pneus  acima de 85 cv","unidade",5,{"v":1,"d":"1.0"},1.6,{"v":3,"d":"3.0"},{"v":8,"d":"8.0"}]
["Trator de pneus até 65 cv","unidade",35,{"v":1,"d":"1.0"},{"v":1.51,"d":"1.5"},{"v":7,"d":"7.0"},{"v":53,"d":"53.0"}]
["Trator de pneus de 66 cv a 85 cv","unidade",4,{"v":1,"d":"1.0"},1.5,{"v":3,"d":"3.0"},{"v":6,"d":"6.0"}]
["Acude/represa","unidade",37,{"v":1,"d":"1.0"},{"v":1.73,"d":"1.7"},{"v":9,"d":"9.0"},{"v":64,"d":"64.0"}]
["Alambique","unidade",1,{"v":1,"d":"1.0"},{"v":1,"d":"1.0"},{"v":1,"d":"1.0"},{"v":1,"d":"1.0"}]
["Almoxarifado/oficina","unidade",4,{"v":1,"d":"1.0"},{"v":1,"d":"1.0"},{"v":1,"d":"1.0"},{"v":4,"d":"4.0"}]
["Armazem para graos ensacados","sacas",2]
["Balanca para bovinos","unidade",1,{"v":1,"d":"1.0"},{"v":1,"d":"1.0"},{"v":1,"d":"1.0"},{"v":1,"d":"1.0"}]
["Balanca para veiculos","unidade",2,{"v":1,"d":"1.0"},{"v":1,"d":"1.0"},{"v":1,"d":"1.0"},{"v":2,"d":"2.0"}]
["Barracao para granja/avicultura","unidade",3,{"v":1,"d":"1.0"},{"v":1.67,"d":"1.7"},{"v":3,"d":"3.0"},{"v":5,"d":"5.0"}]
["Barracao/galpao/garagem","unidade",24,{"v":1,"d":"1.0"},{"v":1.13,"d":"1.1"},{"v":3,"d":"3.0"},{"v":27,"d":"27.0"}]
["Casa de moradia habitada","unidade",120,{"v":1,"d":"1.0"},{"v":1.45,"d":"1.5"},{"v":10,"d":"10.0"},{"v":174,"d":"174.0"}]
["Casa de moradia total","unidade",137,{"v":1,"d":"1.0"},{"v":1.69,"d":"1.7"},{"v":12,"d":"12.0"},{"v":232,"d":"232.0"}]
["Curral/mangueira","unidade",68,{"v":1,"d":"1.0"},{"v":1.04,"d":"1.0"},{"v":3,"d":"3.0"},{"v":71,"d":"71.0"}]
["Deposito/tulha","unidade",88,{"v":1,"d":"1.0"},{"v":1.06,"d":"1.1"},{"v":2,"d":"2.0"},{"v":93,"d":"93.0"}]
["Estabulo","unidade",51,{"v":1,"d":"1.0"},{"v":1.06,"d":"1.1"},{"v":4,"d":"4.0"},{"v":54,"d":"54.0"}]
["Instalacoes para equinos","unidade",1,{"v":7,"d":"7.0"},{"v":7,"d":"7.0"},{"v":7,"d":"7.0"},{"v":7,"d":"7.0"}]
["Maquina de beneficio","unidade",1,{"v":1,"d":"1.0"},{"v":1,"d":"1.0"},{"v":1,"d":"1.0"},{"v":1,"d":"1.0"}]
["Pocilga","unidade",17,{"v":1,"d":"1.0"},{"v":1.06,"d":"1.1"},{"v":2,"d":"2.0"},{"v":18,"d":"18.0"}]
["Poco semi-artesiano","unidade",6,{"v":1,"d":"1.0"},{"v":1,"d":"1.0"},{"v":1,"d":"1.0"},{"v":6,"d":"6.0"}]
["Secador de graos","unidade",1,{"v":1,"d":"1.0"},{"v":1,"d":"1.0"},{"v":1,"d":"1.0"},{"v":1,"d":"1.0"}]
["Terreiro","m2",2]
["Fonte: Secretaria de Agricultura e Abastecimento, CDRS/IEA, Projeto LUPA."]
[]
["TABELA 511.4 - Outras Estatísticas Agrícolas, Município de Santa Cruz da Esperança, Estado de São Paulo, 2016/17."]
["ITEM","Número de UPAs",null,"Percentual"]
["Faz Parte de Associação de Produtores",60,null,{"v":32.78688524590164,"d":"32.8"}]
["Faz Parte de Cooperativa de Produtores",42,null,{"v":22.950819672131146,"d":"23.0"}]
["Faz Parte do Sindicato de Produtores",23,null,{"v":12.568306010928962,"d":"12.6"}]
["Não utiliza assistência técnica ",39,null,{"v":21.311475409836067,"d":"21.3"}]
["Utiliza somente assistência técnica governamental ",95,null,{"v":51.91256830601093,"d":"51.9"}]
["Utiliza somente assistência técnica privada ",13,null,{"v":7.103825136612022,"d":"7.1"}]
["Utiliza assistência técnica tanto governamental quanto privada",36,null,{"v":19.672131147540984,"d":"19.7"}]
["Utiliza Crédito Rural",23,null,{"v":12.568306010928962,"d":"12.6"}]
["Utiliza Seguro Rural",9,null,{"v":4.918032786885246,"d":"4.9"}]
["Utiliza Escrituração Agrícola",142,null,{"v":77.59562841530055,"d":"77.6"}]
["Acessa Internet p/ Fins na Agropecuária",15,null,{"v":8.19672131147541,"d":"8.2"}]
["Utiliza Computador nas Atividades Agropecuárias",17,null,{"v":9.289617486338798,"d":"9.3"}]
["Utiliza Energia Elétrica Para Uso na Atividade Agrícola",155,null,{"v":84.69945355191257,"d":"84.7"}]
["Utiliza Energia Alternativa","-",null,"-"]
["Realiza Análise de Solo, quando necessário",119,null,{"v":65.02732240437159,"d":"65.0"}]
["Realiza Calagem",81,null,{"v":44.26229508196722,"d":"44.3"}]
["Utiliza Práticas de Conservação de Solo, quando necessário",156,null,{"v":85.24590163934425,"d":"85.2"}]
["Faz Adubação Mineral, quando necessário",131,null,{"v":71.5846994535519,"d":"71.6"}]
["Faz Adubação Orgânica, quando necessário",26,null,{"v":14.207650273224044,"d":"14.2"}]
["Faz Adubação Verde, quando necessário",5,null,{"v":2.73224043715847,"d":"2.7"}]
["Utiliza Manejo Integrado de Pragas (MIP)",1,null,{"v":0.5464480874316939,"d":"0.5"}]
["Utiliza Hidroponia","-",null,"-"]
["Utiliza Cultivo em Estufa",2,null,{"v":1.0928961748633879,"d":"1.1"}]
["Utiliza Mudas Fiscalizadas",8,null,{"v":4.371584699453551,"d":"4.4"}]
["Utiliza Semente Melhorada",14,null,{"v":7.650273224043716,"d":"7.7"}]
["Faz Confinamento de Bovinos",1,null,{"v":0.5464480874316939,"d":"0.5"}]
["Utiliza Pastejo Intensivo",31,null,{"v":16.939890710382514,"d":"16.9"}]
["Faz Inseminação Artificial",1,null,{"v":0.5464480874316939,"d":"0.5"}]
["Faz Mineralização do Rebanho",54,null,{"v":29.508196721311474,"d":"29.5"}]
["Faz Vermifugação do Rebanho",55,null,{"v":30.05464480874317,"d":"30.1"}]
["Possui Parceiros /Arrendatários na Exploração Animal",27,null,{"v":14.754098360655737,"d":"14.8"}]
["Existência de trabalhadores c/ deficiência na UPA","-",null,"-"]
["Esporte e lazer","-",null,"-"]
["Extração mineral","-",null,"-"]
["Hotel Fazenda, Pousada ou SPA","-",null,"-"]
["Pesque-pague","-",null,"-"]
["Restaurante ou Lanchonete",1,null,{"v":0.5464480874316939,"d":"0.5"}]
["Transformação artesanal","-",null,"-"]
["Turismo rural ou ecoturismo","-",null,"-"]
["Outras atividades econômicas rurais",1,null,{"v":0.5464480874316939,"d":"0.5"}]
["Agroindústria","-",null,"-"]
["Proprietário sem instrução ou com instrução incompleta",1,null,{"v":0.5464480874316939,"d":"0.5"}]
["Proprietário com antigo primário completo",56,null,{"v":30.601092896174865,"d":"30.6"}]
["Proprietário com 1° grau (ou antigo ginasial) completo",22,null,{"v":12.021857923497269,"d":"12.0"}]
["Proprietário com 2° grau (ou antigo colegial) completo",37,null,{"v":20.21857923497268,"d":"20.2"}]
["Proprietário com curso superior completo ",65,null,{"v":35.51912568306011,"d":"35.5"}]
["Pessoa Jurídica",2,null,{"v":1.0928961748633879,"d":"1.1"}]
["Proprietário residente na própria UPA ",51,null,{"v":27.868852459016395,"d":"27.9"}]
["Fonte: Secretaria de Agricultura e Abastecimento, CDRS/IEA, Projeto LUPA."]
[]
["TABELA 511.5 - Área Cultivada, Município de Santa Cruz da Esperança, Estado de São Paulo, 2016/17."]
["CULTURA","N.DE UPAs","MÍNIMO","MÉDIO","MÁXIMO","TOTAL"]
["Cana-de-acucar finalidade industria",105,{"v":1,"d":"1.0"},{"v":68.95,"d":"69.0"},{"v":1750,"d":"1,750.0"},{"v":7239.5,"d":"7,239.5"}]
["Braquiaria",116,0.3,{"v":17.58,"d":"17.6"},408.3,{"v":2039.3,"d":"2,039.3"}]
["Cafe",3,{"v":1,"d":"1.0"},{"v":49.13,"d":"49.1"},{"v":144,"d":"144.0"},147.4]
["Eucalipto",13,0.1,{"v":3.99,"d":"4.0"},{"v":25,"d":"25.0"},51.9]
["Milho safra",8,{"v":1,"d":"1.0"},{"v":5.01,"d":"5.0"},{"v":15,"d":"15.0"},40.1]
["Cana-de-acucar outras finalidades",17,0.3,1.7,{"v":6,"d":"6.0"},28.9]
["Gramas",4,{"v":3,"d":"3.0"},{"v":6,"d":"6.0"},{"v":7,"d":"7.0"},{"v":24,"d":"24.0"}]
["Soja",1,7.5,7.5,7.5,7.5]
["Capim-napier (ou capim-elefante)",1,{"v":5,"d":"5.0"},{"v":5,"d":"5.0"},{"v":5,"d":"5.0"},{"v":5,"d":"5.0"}]
["Coloniao",2,{"v":2,"d":"2.0"},2.5,{"v":3,"d":"3.0"},{"v":5,"d":"5.0"}]
["Outras olericolas",1,4.4,4.4,4.4,4.4]
["Mandioca",1,{"v":2,"d":"2.0"},{"v":2,"d":"2.0"},{"v":2,"d":"2.0"},{"v":2,"d":"2.0"}]
["Horta domestica",1,0.6,0.6,0.6,0.6]
["Fonte: Secretaria de Agricultura e Abastecimento, CDRS/IEA, Projeto LUPA."]